| 000 | 01194nam a2200229Ia 4500 | ||
|---|---|---|---|
| 001 | L230-5846 | ||
| 003 | IT-CnALBA | ||
| 008 | 170116s9999||||xx |||||||||||||| ||und|| | ||
| 040 |
_aIT-CnALBA _cIT-CnALBA |
||
| 041 | _aITALIANO | ||
| 100 | _aFARREL WALTER | ||
| 245 | 0 | _aGUIDA ALLA SOMMA TEOLOGICA. | |
| 250 | _a1a ed. | ||
| 260 |
_aCINISELLO BALSAMO (MI) _bEDIZIONI PAOLINE _c1958 [1° Ed.:1958 - Ed.Ling.Originale: 1953] |
||
| 300 | _a1218 p. | ||
| 500 | _aTRADUZIONE DALL'INGLESE DI VIGOLUNGO A. DIO CREATURE UOMO. DIO E IL LIBRO. ESISTENZA DI DIO. DIO INEFFABILE. CONOSCENZA VOLONTÀ PADRE. VITA DI DIO. CREAZIONE ANGELI UOMO. GOVERNO DEL MONDO. MORALE FONDAMENTALE. FINE DELLA VITA. ATTI UMANI. PASSIONI E AMOR | ||
| 501 | _aSocietà San Paolo EM - Piazza San Paolo, 14 - 12051 ALBA (CN) (non commercial uses only) ® Copyright 2017 | ||
| 520 | _aTRADUZIONE DALL'INGLESE DI VIGOLUNGO A. DIO CREATURE UOMO. DIO E IL LIBRO. ESISTENZA DI DIO. DIO INEFFABILE. CONOSCENZA VOLONTÀ PADRE. VITA DI DIO. CREAZIONE ANGELI UOMO. GOVERNO DEL MONDO. MORALE FONDAMENTALE. FINE DELLA VITA. ATTI UMANI. PASSIONI E AMOR | ||
| 650 | _aDOGMATICA CRISTIANA | ||
| 942 | _cBK | ||
| 957 | _71 | ||
| 999 |
_a6823 _bNO _g Copie: 1 _c265029 _d265029 |
||